000 01278cam a2200181 i 4500
008 180205s2017 enka 001 0 eng
020 _a9781907816734 (pbk.)
020 _a1907816739 (pbk.)
050 0 0 _aRJ45
_b.F68 2018
082 0 0 _a618.92
100 1 _aFoulkes, Sian,
245 1 0 _aPaediatrics /
_cSian Foulkes, MBBCh, BSc, MRCPCH, Speciality Registrar in Paediatrics and Child Health, Abertawe Bro Morgannwg University, Health Board, Swansea, UK, Gemma Trays, MBBCh, MRCPCH, Speciality Registrar in Paediatrics and Child Health, Abertawe Bro Morgannwg University, Health Board, Swansea, UK, Carol Sullivan, BM, BCh, MA, MRCP, FRCPCH, Consultant in Neonatal and Respiratory Paediatrics, Abertawe Bro Morgannwg University, Health Board, Swansea, UK ; series editors, Janine Henderson, MRCPsych, MClinEd, MB BS Programme Director, Hull York Medical School, York, UK, David Oliveira, PhD, FRCP, Professor of Renal Medicine, St. George's, University of London, London, UK, Stephen Parker, BSc, MS, DipMedEd, FRCS, Consultant Breast and General, Paediatric Surgeon, St. Mary's Hospital, Newport, UK.
260 _aLondon
_bJP Medical Ltd
_c2018
300 _axii, 476 pages :
_billustrations (some color) ;
500 _aIncludes index.
650 0 _aPediatrics.
942 _cBK
999 _c2373
_d2373